| 000 | 01658cam a2200457 a 4500 | ||
|---|---|---|---|
| 001 | 13645899 | ||
| 003 | OSt | ||
| 005 | 20140310184415.0 | ||
| 008 | 040706s2004 nyuab b 000 1 eng d | ||
| 010 | _a 2004301114 | ||
| 020 | _a0439559642 (pbk.) | ||
| 035 | _a(OCoLC)ocm54483432 | ||
| 040 |
_aUPZ _cUPZ _dDLC |
||
| 041 | 1 |
_aeng _hita |
|
| 042 |
_alcac _alccopycat |
||
| 050 | 0 | 0 |
_aPZ 7 _b.St857Cu 2004 |
| 100 | _aStilton, Geronimo | ||
| 245 | 0 | 4 |
_aThe curse of the cheese pyramid / _cGeronimo Stilton |
| 260 |
_aNew York : _bScholastic, _cc2004. |
||
| 300 |
_a112 p. : _bcol. ill., col. maps ; _c20 cm. |
||
| 500 | _a"English translation... by Edizioni Piemme S.p.A."--T.p. verso. | ||
| 520 | _aGeronimo travels to Egypt to interview Professor Alrat Spitfur and learns the secret of the Seven Wonders of the Ancient Mouse World. | ||
| 521 | 1 | _aG3 | |
| 526 | _c500 | ||
| 562 | _e1 | ||
| 650 | 0 |
_aMice _vJuvenile fiction. _926314 |
|
| 650 | 0 |
_aAnimals _vJuvenile fiction. _926315 |
|
| 650 | 0 |
_aStilton, Geronimo (Fictitious character) _vJuvenile fiction. _926316 |
|
| 650 | 1 |
_aMice _vFiction. _926317 |
|
| 650 | 1 |
_aAnimals _vFiction. _926318 |
|
| 650 | 1 |
_aPyramids _vFiction. _926319 |
|
| 650 | 1 |
_aJournalists _vFiction. _926320 |
|
| 650 | 1 |
_aAdventure and adventurers _vFiction. _926321 |
|
| 650 | 1 |
_aHumorous stories. _93831 |
|
| 651 | 1 |
_aEgypt _vFiction. _926322 |
|
| 856 | 4 | 2 |
_3Publisher description _uhttp://www.loc.gov/catdir/description/schol051/2004301114.html |
| 906 |
_a7 _bcbc _ccopycat _d2 _encip _f20 _gy-gencatlg |
||
| 942 |
_2lcc _cBK-SCHOLAS |
||
| 999 |
_c34144 _d34144 |
||